| 000 | 00414nam a2200169Ia 4500 | ||
|---|---|---|---|
| 001 | 9054 | ||
| 003 | IN-NITTTR | ||
| 005 | 20251114233044.0 | ||
| 008 | 251113s9999||||xx |||||||||||||| ||eng|| | ||
| 040 | _beng | ||
| 040 | _cIN-NITTTR | ||
| 041 | _aeng | ||
| 082 | _a153 R883 I | ||
| 100 | _aRumelhart, David E. | ||
| 245 | 0 |
_aIntroduction to human information processing / _cRumelhart, David E. |
|
| 942 |
_2ddc _cBK |
||
| 999 |
_c11691 _d11691 |
||